000
00292nam a22001337a 4500
008
180316b xxu||||| |||| 00| 0 eng d
020
_a
000020004101
041
_a
eng
080
_a
78
100
_a
45
101
_a
mus
245
_a
music for concert band
_c
kreines.j
942
_2
udc
_c
BK
999
_c
45278
_d
45278